| 000 | 00454nam a2200169Ia 4500 | ||
|---|---|---|---|
| 001 | 56460 | ||
| 008 | 140506s9999 xx 000 0 und d | ||
| 020 | _a9781587143854 | ||
| 040 | _cPK-LaUMT | ||
| 082 |
_a 004.68076 _bODO-C |
||
| 100 | _aOdom, Wendell | ||
| 245 |
_aCisco ccent/ CCNA ICND1 100-101 [+CD] _bofficial cert guide _cOdom, Wendell |
||
| 260 |
_aIndianapolis,USA: _bCisco Press, _c2013 |
||
| 300 |
_a899 p. _eCD |
||
| 546 | _aEN | ||
| 942 | _cBK | ||
| 999 |
_c53773 _d53773 |
||